La réponse est Tra... - Statistiques

Statistiques générales
  • Ce quiz a été pris 1 716 fois
    1 320 depuis la dernière actualisation
  • Le résultat moyen est 10 sur 16
Statistiques - réponses
Indice Réponse % Correct
Moyen de transport urbain se déplaçant sur rails Le tramway
94%
Quadrilatère dont deux côtés sont parallèles Le trapèze
93%
Illicite lorsqu'il s'agit d'animaux ou d'organes Le trafic
91%
Véhicule agricole prénommé Tom dans un dessin animé Tracteur
87%
Nom de famille d'un acteur/chanteur vu dans Grease ou encore Pulp Fiction John Travolta
80%
Métier où suivre la bourse est indispensable Trader
77%
On l'associe au noir lorsqu'il est illégal Le travail
73%
Un choc émotionnel très violent Un traumatisme
73%
Commune française où ont grandi Omar Sy, Jamel Debbouze et Nicolas Anelka Trappes
57%
Vent du nord-ouest soufflant entre les Pyrénées et le Massif central La tramontane
52%
Opéra célèbre de Giuseppe Verdi La Traviata
50%
Groupe de RnB dont le tube Hey Oh est le plus populaire Tragédie
50%
Série de films de science-fiction mettant en avant des robots Transformers
41%
Film franco-italien de Claude Autant-Lara sorti en 1956 où l'on retrouve Bourvil, Jean Gabin et Louis de Funès durant l'occupation de la France par l'armée allemande La Traversée de Paris
32%
Club de football turc fondé en 1967 Trabzonspor
27%
Piège ou trot irrégulier, en équitation, disqualifiant un cheval d'une course Le traquenard
7%
Aucun quiz correspondant
Distribution des résultats
% des personnes avec chaque résultat
Percentile par nombre de réponses
Votre historique - résultats
Vous n’avez pas pris ce quiz depuis la dernière actualisation